[Event "IRI-ch U14"]
[Site "Chess.com INT"]
[Date "2021.01.16"]
[Round "6"]
[White "Ghazagh, Arman"]
[Black "Shiri, Omid"]
[Result "0-1"]
[WhiteElo "1271"]
[BlackElo "1590"]
[PlyCount "78"]
[EventDate "2021.01.16"]
[EventType "swiss"]
[EventRounds "11"]
[EventCountry "IRI"]
[SourceTitle "EXT 2022"]
[Source "ChessBase"]
[SourceDate "2021.10.06"]
[SourceVersion "1"]
[SourceVersionDate "2021.10.06"]
[SourceQuality "1"]

1. d4 d5 2. Bf4 Nf6 3. Nf3 e6 4. e3 Bd6 5. Bg3 0-0 6. Bd3 b6 7. Nbd2 c5 8. c3 Bb7 9. Bxd6 Qxd6 10. 0-0 Nbd7 11. Re1 Ne4 12. Qc2 f5 13. Bb5 Ndf6 14. Ne5 a6 15. Bd3 c4 16. Be2 Nd7 17. Nef3 Qe7 18. b3 b5 19. a4 Rfc8 20. axb5 axb5 21. b4 Nb6 22. Nxe4 dxe4 23. Nd2 Nd5 24. Qb2 e5 25. Rxa8 Rxa8 26. Ra1 Rxa1+ 27. Qxa1 exd4 28. cxd4 Qxb4 29. Qa7 Qxd2 30. Qb8+ Kf7 31. Qxb7+ Ne7 32. Bf1 c3 33. Qxb5 c2 34. Qb3+ Kf6 35. Qb6+ Kg5 36. Qd6 c1Q 37. h4+ Kxh4 38. Qg3+ Kh5 39. Kh2 Qxf1 0-1